00765cam a22002057a 4500003000500000005001700005008004100022010001000063011001000073035001000083040000900093100002900102245015200131260004100283300003000324502010200354650004800456650003500504650002000539CHAP20220817043506.0981104d1998 mx a r 00110 spa d a76600 a77572 a87181 cCHAP00aChin Cen, Fredy Armando.10aBeneficio económico de la producción de chile habanero (Capsicum chinense) en el municipio de Halachó, Yucatánc/por Fredy Armando Chin Cen aChapingo, Méx. :bEl autor,c1998. a66 h. :banexos ; cuadros aTesis (Lic. en Economía Agrícola) -- UACH. División de Ciencias Económico Administrativas14aChile (Botánica)xCostos de producción.14aChile (Botánica)xYucatán.14aChile habanero.